Derrumbe /

Збережено в:
Бібліографічні деталі
Автор: García de León, Amelia (autor)
Формат: Книга
Мова:Іспанська
Опубліковано: Guadalajara, México : Colegio Internacional, 1994, c1994
Серія:(Colegio Internacional ; 63)
Предмети:
Теги: Додати тег
Немає тегів, Будьте першим, хто поставить тег для цього запису!

MARC

LEADER 00000nam^a2200000^a^4500
001 000186863
005 20250521000000.0
009 20260310102240.377
020 |a 968-7410-00-0 
037 |a Acervo ITESO - Biblioteca 
041 |a ESP 
082 |a 863.  |b GAR 
100 |a García de León, Amelia  |e (autor) 
245 1 0 |a Derrumbe /  |c A. García de León. 
264 4 |a Guadalajara, México :  |b Colegio Internacional,  |c 1994, c1994 
300 |a 98 p. 
336 |a texto  |b txt  |2 rdacontenido 
337 |a sin mediación  |b n  |2 rdamedio 
338 |a volumen  |b nc  |2 rdasoporte 
440 1 |a (Colegio Internacional ;  |v 63) 
649 |a XX 
650 |a Novela Jalisciense 
650 |a Novela Mexicana 
650 |a Literatura Jalisciense -  |y Siglo XX 
650 |a Literatura Mexicana -  |y Siglo XX 
650 |a Literatura de Mujeres -  |z Jalisco 
650 |a Literatura de Mujeres -  |z México 
650 |a Guadalajara, Jalisco en la Literatura 
650 |a Jalisco en la Literatura 
650 |a México en la Literatura 
650 |a Guadalajara, Jalisco -  |x Historia 
650 |a Jalisco -  |x Historia 
650 |a México -  |x Historia 
910 |a Fondo Julio de la Peña Lomelín 
920 |a Impresos - Libros 
930 |a Arquitectos Jaliscienses 
940 |a Literatura 
905 |a 115 
901 |a 0500128494  |b IT1  |c JAL  |u 20250521 
901 |a 0500128517  |b IT1  |c JAL  |u 20250521 
902 |a https://opac.biblio.iteso.mx/vufind/Record/000186863